<?xml version="1.0" encoding="UTF-8"?>
<collection xmlns="http://www.loc.gov/MARC21/slim">
 <record>
  <leader>     na                 </leader>
  <controlfield tag="001">INLIS000000000000161</controlfield>
  <controlfield tag="005">20240419033933</controlfield>
  <datafield tag="035" ind1=" " ind2=" ">
   <subfield code="a">0010-0422000032</subfield>
  </datafield>
  <controlfield tag="007">ta</controlfield>
  <controlfield tag="008">240419                           0 ind  </controlfield>
  <datafield tag="020" ind1=" " ind2=" ">
   <subfield code="a">979-526-240-8</subfield>
  </datafield>
  <datafield tag="082" ind1=" " ind2=" ">
   <subfield code="a">631.117.2</subfield>
  </datafield>
  <datafield tag="084" ind1=" " ind2=" ">
   <subfield code="a">631.117.2 NAS k</subfield>
  </datafield>
  <datafield tag="100" ind1="1" ind2=" ">
   <subfield code="a">Nasution</subfield>
  </datafield>
  <datafield tag="245" ind1="1" ind2=" ">
   <subfield code="a">Kurikulum dan pengajaran /</subfield>
   <subfield code="c">S. Nasution</subfield>
  </datafield>
  <datafield tag="250" ind1=" " ind2=" ">
   <subfield code="a">Cet. IV</subfield>
  </datafield>
  <datafield tag="260" ind1=" " ind2=" ">
   <subfield code="a">Jakarta :</subfield>
   <subfield code="b">Bumi Aksara,</subfield>
   <subfield code="c">2006</subfield>
  </datafield>
  <datafield tag="300" ind1=" " ind2=" ">
   <subfield code="a">x, 183 p. :</subfield>
   <subfield code="b">ilus. ;</subfield>
   <subfield code="c">21 cm</subfield>
  </datafield>
  <datafield tag="650" ind1=" " ind2="4">
   <subfield code="a">Pelatihan pertanian</subfield>
  </datafield>
  <datafield tag="520" ind1=" " ind2=" ">
   <subfield code="a">Kurikulum dan pengajaran dimaksudkan memberikan petunjuk-petunjuk praktis tentang cara mengembangkan kurikulum serta menghubungkannya dengan pelaksanaannya dalam pengajaran kelas. Pembahasan dan uraian langkah-langkah untuk menerjemahkan pedoman kurikulum menjadi pedoman instruksional dan selanjutnya membuat persiapan pelajaran untuk merealisasikan kurikulum dalam bentuk kelakuan siswa. Setiap pengajar apakah di SD, SM ataupun di universitas terlibat dalam masalah kurikulum. Kurikulum yang ditentukan oleh pihak atasan. Hanya guru yang dapat memberi &quot;hidup&quot; kepada pedoman kurikulum yang diterbitkan itu. Karena itu guru selalu merupakan tokoh utama untuk mewujudkan kurikulum itu agar terjadi perubahan kelakuan siswa menurut apa yang diharapkan. Jadi pada hakikatnya setiap kurikulum yang formal yang dikeluarkan oleh pemerintah hanya dapat direalisasikan berkat usaha guru dan karena itu kurikulum seperti yang diwujudkan dalam kelas tak dapat tiada selalu mengandung unsur kepribadian guru. Jadi kurikulum dalam pelaksanaannya selalu melibatkan guru. Kurikulum yang diterbitkan oleh Pemerintah bersifat masih umum berupa pedoman, jadi dapat disebut pedoman kurikulum. Dalam bentuk yang demikian kurikulum itu belum dapat disampaikan kepada kelas. Ada lagi beberapa langkah agar siap untuk disajikan. Pertama: pedoman kurikulum itu harus dianalisis lebih lanjut dalam sejumlah topik, sub-topik serta bahan yang lebih spesifik. Harus ditentukan lebih jelas apa yang akan diajarkan, apa sebab, apa tujuannya, dalam urutan yang bagaimana. Hal-hal serupa ini dimasukkan dalam apa yang disebut pedoman instruksional. Kedua: Agar bahan pelajaran dapat disajikan kepada siswa dalam jam pelajaran tertentu guru masih harus membuat persiapan pelajaran yang dilakukannya berdasarkan pedoman instruksional itu. Tiap pengajar harus membuat persiapan pelajaran sebelum ia dengan penuh tanggung jawab dapat memasuki kelas. Dengan tiap pengajar dimaksud guru TK, SD, SM, tapi juga tiap dosen termasuk guru besar perguruan tinggi. Mengajar adalah tugas yang begitu kompleks dan maha sulit, sehingga tak dapat dilakukan dengan baik oleh siapa pun tanpa persiapan, sekalipun ia telah berpengalam bertahun-tahun.</subfield>
  </datafield>
  <datafield tag="600" ind1="1" ind2="4">
   <subfield code="a">Nasution</subfield>
  </datafield>
  <datafield tag="500" ind1=" " ind2=" ">
   <subfield code="a">di Rak Kebangsaan, Pelatihan</subfield>
  </datafield>
  <datafield tag="990" ind1=" " ind2=" ">
   <subfield code="a">2362/BBPP/B/07</subfield>
  </datafield>
  <datafield tag="990" ind1=" " ind2=" ">
   <subfield code="a">2363/BBPP/B/07</subfield>
  </datafield>
  <datafield tag="990" ind1=" " ind2=" ">
   <subfield code="a">2364/BBPP/B/07</subfield>
  </datafield>
 </record>
</collection>
